000 01334nam a2200397 i 4500
001 52216
003 KOSZ 005
005 20191210150409.0
008 061213s2006 pl a |001 0 pol
015 _aPB 2005/21739
020 _a8301142456
035 _a991026473319705066
035 _a(PL-WaBN)b17194258-48omnis_nlop
035 _ab17194258
035 _a(OCoLC)749537414
035 _a(PL)b0000001719425
035 _a(EXLNZ-48OMNIS_NETWORK)9910188570305606
040 _aWA N
_cWA N
_dKOSZ 005/HR
080 _a94(73):008
100 1 _aGołębiowski, Marek
_d(1944- )
_eAutor
245 1 0 _aDzieje kultury Stanów Zjednoczonych /
_cMarek Gołębiowski.
250 _aWyd. 1, 2 dodr.
260 _aWarszawa :
_bWydawnictwo Naukowe PWN,
_c2006.
300 _a459, [1] s., [28] s. tabl. :
_bfot. (gł. kolor.), mapy, portr. ;
_c24 cm.
380 _aKsiążki
504 _aBibliogr. s. 442-447. Indeks.
650 7 _aKultura
651 7 _aStany Zjednoczone (USA)
_2DBN
658 _aKultura i sztuka
658 _aHistoria
710 2 _aWydawnictwo Naukowe PWN
_4pbl
856 _uhttp://koha.tu.koszalin.pl/cgi-bin/koha/opac-detail.pl?biblionumber=52216
_yKatalog online BPK
856 _uhttp://libra.ibuk.pl/book/145788
_yIBUK
942 _2UKD
_cKS
999 _c52216
_d52216